LEADER 01652nam a2200337 i 4500 001 000000044557 003 CaOOAMICUS 005 20140115000000.0 008 140115s1994 it u000 u ita u 013 $a15727 020 $a88-7105-037-1 040 $aSeMil$bita 100 1 $aAmbrosio, Gianni,$c.$0(OLS)http://semarc/name/16022 245 13$aLa Chiesa e il declino della politica /$cGianni Ambrosio ... [et al.]. 260 $aMilano :$bGlossa,$ccopyr. 1994. 300 $a170 p. ;$c21 cm. 490 0 $aDisputatio [Glossa] ;$v6 650 4$aChiesa e politica.$0(OLS)http://semarc/subject/93 774 0 $aBonandi, Alberto <1948- >$tTeoria politica e critica del moderno.$w()294488 774 0 $aAngelini, Giuseppe $tPresentazione ; La responsabilità politica della Chiesa ; Considerazioni sintetiche.$w()294709 774 0 $aCampiglio, Luigi$tCrisi dello Stato sociale.$w()294710 774 0 $aCasati, Lino$tDeclino delle ideologie e primato dell'etica.$w()294711 774 0 $aAmbrosio, Gianni $tDiaspora politica dei cattolici e diaspora dei cittadini.$w()294712 774 0 $aColombo, Giuseppe $tMagistero recente.$w()294714 830 0$aDisputatio ;$v6.$0(OLS)http://semarc/title/149 850 $aSeMil 852 $aSeMil$W1$xVenegono$y1$m2KA F 6$j10712$B10712$CSeMilBibl$Z2$F10712 $81 961 $aOmaggio: Scuola Cattolica 996 $6020$a88-7105-037-1$9(OLS)http://semarc/number/16450 996 $6245$aLa Chiesa e il declino della politica$9(OLS)http://semarc/title/65932 996 $6260$aMilano :$bGlossa$9(OLS)http://semarc/publisher/29635 LEADER 00989nam a2200253 i 4500 001 000000055474 003 CaOOAMICUS 005 20120807000000.0 008 120807n it u000 u ita u 013 $a26646 040 $aSeMil$bita 100 1 $aValli, Carlo.$0(OLS)http://semarc/name/19260 245 10$aAnnali di Cassano :$bcronologia del Settecento /$cCarlo Valli. 260 $a[S.l. :$bs.n.],$c[19--?] 300 $a135 p., [1] c. di tav. :$bill. ;$c21 cm. 490 0 $aI quaderni del portavoce ;$v29 500 $aFondo Conti. 650 4$aCassano d'Adda.$0(OLS)http://semarc/subject/8214 830 2$aI quaderni del portavoce ;$v29.$0(OLS)http://semarc/title/393 850 $aSeMil 852 $aSeMil$W1$xVenegono$y1$m3P I 234$j21628$B21628$CSeMilBibl$Z2$F21630 $81 961 $aOmaggio: Conti Franco 996 $6245$aAnnali di Cassano :$bcronologia del Settecento$9(OLS)http://semarc/title/86045 996 $6260$a[S.l. :$bs.n.]$9(OLS)http://semarc/publisher/29751